Central Library OPAC University of Rajshahi

The fugitive art : (Record no. 16432)

MARC details
000 -LEADER
fixed length control field 00789cam a22002651 4500
001 - CONTROL NUMBER
control field 16432
003 - CONTROL NUMBER IDENTIFIER
rucl marc code BD-RjUL
005 - DATE AND TIME OF LATEST TRANSACTION
control field 20211209000017.0
008 - FIXED-LENGTH DATA ELEMENTS--GENERAL INFORMATION
fixed length control field 140213s1952 enka 001 0 eng d
035 ## - SYSTEM CONTROL NUMBER
System control number (BD-RjUL)16487
System control number (OCoLC)1853758
040 ## - CATALOGING SOURCE
Original cataloging agency DLC
Transcribing agency NBiSU
Modifying agency OCoLC
-- Uk
-- BD-RjUL
Language of cataloging eng
041 ## - LANGUAGE CODE
Language code of text/sound track or separate title eng
082 ## - DEWEY DECIMAL CLASSIFICATION NUMBER
Classification number 792.01
Author mark and year WOF 1952
100 1# - MAIN ENTRY--PERSONAL NAME
Personal name Worsley, T. C.
Fuller form of name (Thomas Cuthbert),
Dates associated with a name 1907-
9 (RLIN) 50807
245 14 - TITLE STATEMENT
Title The fugitive art :
Remainder of title dramatic commentaries, 1947-1951.
260 ## - PUBLICATION, DISTRIBUTION, ETC. (IMPRINT)
Place of publication, distribution, etc. London :
Name of publisher, distributor, etc. J. Lehmann,
Date of publication, distribution, etc. 1952.
300 ## - PHYSICAL DESCRIPTION
Pagination 263 p. :
Illustrations illus. ;
Size 23 cm.
500 ## - GENERAL NOTE
General note includes index.
650 #0 - SUBJECT ADDED ENTRY--TOPICAL TERM
Topical term or geographic name as entry element Drama
General subdivision History and criticism.
9 (RLIN) 50808
Topical term or geographic name as entry element Theater
Geographic subdivision England
-- London
General subdivision History.
9 (RLIN) 50429
942 ## - ADDED ENTRY ELEMENTS (KOHA)
Source of classification or shelving scheme Dewey Decimal Classification
Koha item type Books
Holdings
Lost status Source of classification or shelving scheme Damaged status Not for loan Collection code Permanent Location Current Location Shelving location Date acquired Source of acquisition Total Checkouts Full call number Date last seen Copy number Koha item type
  Dewey Decimal Classification   Not For Loan Non-fiction Central Library, University of Rajshahi Central Library, University of Rajshahi Reading Room 25/10/1990 shaukat Osman   792.01 WOF 1952 13/02/2014 C-1 Books